00404nam a2200121Ia 4500001000400000008004100004082002000045100006200065245008800127260002400215901002800239999001500267519241024s9999 xx 000 0 und d aRD/305.23/F981m aRepública Dominicana.Fundación Jóvenes sin Frontera 0aMemoria anual 2008, resumen de actividades más importantes de nuestra fundación bSanto Domingoc2008 a12/11/2010 4:04:02 p.m. c9873d9873